USA Report (Record no. 119284)

MARC details
000 -LEADER
fixed length control field 01096cad a22002415a 4500
001 - CONTROL NUMBER
control field L150955
008 - FIXED-LENGTH DATA ELEMENTS--GENERAL INFORMATION
fixed length control field 100916c2010 xxuqr ws ss 000 a0eng d
035 ## - SYSTEM CONTROL NUMBER
System control number (Sirsi) u150955
041 0# - LANGUAGE CODE
Language code of text/sound track or separate title eng
110 2# - MAIN ENTRY--CORPORATE NAME
Corporate name or jurisdiction name as entry element Rider Levett Bucknall
9 (RLIN) 5520
245 00 - TITLE STATEMENT
Title USA Report
Remainder of title quarterly construction cost report
Medium [electronic resource]
260 ## - PUBLICATION, DISTRIBUTION, ETC.
Place of publication, distribution, etc. [United States]
Name of publisher, distributor, etc. RLB
Date of publication, distribution, etc. 2010-
362 0# - DATES OF PUBLICATION AND/OR SEQUENTIAL DESIGNATION
Dates of publication and/or sequential designation Third Quarter 2010-
490 #0 - SERIES STATEMENT
Series statement Rider Levett Bucknall Quarterly Construction Cost Report
520 ## - SUMMARY, ETC.
Summary, etc. Overview of the construction industry in the United States of America, data current to 1 July 2010; national construction cost index; indicative construction costs; key United States statistics; consensus construction forecast; comparative cost index.
554 ## -
-- Four per year
590 ## - LOCAL NOTE (RLIN)
Local note KA NTK
650 24 - SUBJECT ADDED ENTRY--TOPICAL TERM
Topical term or geographic name entry element RIDER LEVETT BUCKNALL QUARTERLY CONSTRUCTION COST REPORT
651 #4 - SUBJECT ADDED ENTRY--GEOGRAPHIC NAME
Geographic name United States
Chronological subdivision 1959-
690 ## - LOCAL SUBJECT ADDED ENTRY--TOPICAL TERM (OCLC, RLIN)
Topical term or geographic name as entry element BUILT ENVIRONMENT-BUILDING COSTS
856 40 - ELECTRONIC LOCATION AND ACCESS
Uniform Resource Identifier <a href="https://www.ebooks.rlb.com/americas/Emagazine/flash.html#/10/">https://www.ebooks.rlb.com/americas/Emagazine/flash.html#/10/</a>
Public note View the website free of charge at www.ebooks.rlb.com
942 ## - ADDED ENTRY ELEMENTS (KOHA)
Suppress in OPAC 0
Holdings
Withdrawn status Lost status Source of classification or shelving scheme Damaged status Not for loan Home library Current library Shelving location Date acquired Total Checkouts Full call number Barcode Date last seen Copy number Price effective from Koha item type
    Dewey Decimal Classification     Virtual Virtual Online 16/09/2010   ONLINE PUBLICATION 150955-2001 06/08/2019 1 06/08/2019 Book